000 00537 a2200205 4500
005 20260514122111.0
008 260514b |||||||| |||| 00| 0 eng d
020 _a9789393175076
_cRs. 550.00
040 _aMAIN
082 _a294.5563
_bD33S:M
100 _aSharma, Paviter Kumar
245 _aMaharshi Dayanand Saraswati
250 _aLatest edition
260 _bNeelgri Prakashan
_c2023
_aNew Delhi
300 _a175
650 _aReligion
650 _aHindu Reformers
650 _aDayananda Saraswati-India
942 _cBK
999 _c394332
_d394332